<?xml version="1.0" encoding="UTF-8"?><?xml-stylesheet type="text/xsl" href="static/style.xsl"?><OAI-PMH xmlns="http://www.openarchives.org/OAI/2.0/" xmlns:xsi="http://www.w3.org/2001/XMLSchema-instance" xsi:schemaLocation="http://www.openarchives.org/OAI/2.0/ http://www.openarchives.org/OAI/2.0/OAI-PMH.xsd"><responseDate>2026-04-26T20:22:15Z</responseDate><request verb="GetRecord" identifier="oai:uvadoc.uva.es:10324/3776" metadataPrefix="marc">https://uvadoc.uva.es/oai/request</request><GetRecord><record><header><identifier>oai:uvadoc.uva.es:10324/3776</identifier><datestamp>2025-02-20T12:09:23Z</datestamp><setSpec>com_10324_38</setSpec><setSpec>col_10324_787</setSpec></header><metadata><record xmlns="http://www.loc.gov/MARC21/slim" xmlns:doc="http://www.lyncode.com/xoai" xmlns:xsi="http://www.w3.org/2001/XMLSchema-instance" xmlns:dcterms="http://purl.org/dc/terms/" xsi:schemaLocation="http://www.loc.gov/MARC21/slim http://www.loc.gov/standards/marcxml/schema/MARC21slim.xsd">
<leader>00925njm 22002777a 4500</leader>
<datafield tag="042" ind1=" " ind2=" ">
<subfield code="a">dc</subfield>
</datafield>
<datafield tag="720" ind1=" " ind2=" ">
<subfield code="a">Martín Guerra, Elena</subfield>
<subfield code="e">author</subfield>
</datafield>
<datafield tag="260" ind1=" " ind2=" ">
<subfield code="c">2013</subfield>
</datafield>
<datafield tag="520" ind1=" " ind2=" ">
<subfield code="a">El objetivo general de esta investigación es mostrar que el Sociograph es una nueva metodología útil para testar las campañas con fines sociales, ya que aporta nueva información sobre los procesos cognitivos que ocurren en el sujeto ante etas campañas. Dicho objetivo ha sido construido a partir del conocimiento actualizado del objeto de estudio. Trabajando mediante un enfoque multimétodo que utiliza entrevistas en profundidad, búsquedas exhaustivas y la puesta en práctica de una prueba piloto para validar la experimentación, se mostrarán las nuevas posibilidades de esta herramienta en el mundo de la comunicación social (test de anuncios sociales, estudio de la comunicación dirigida a personas con discapacidad, autistas o personas con alzheimer). Desde un enfoque científico basado en el paradigma cognitivo, este estudio descriptivo hará que la comunicación por tanto, contribuya a mejorar la sociedad. Por otro lado, también aporta un nuevo punto de vista para que el neuromárketing deje de ser visto de forma negativa desde un punto de vista ético.</subfield>
</datafield>
<datafield tag="024" ind2=" " ind1="8">
<subfield code="a">http://uvadoc.uva.es/handle/10324/3776</subfield>
</datafield>
<datafield ind1=" " ind2=" " tag="653">
<subfield code="a">Marketing - Aspecto psicológico</subfield>
</datafield>
<datafield ind1=" " ind2=" " tag="653">
<subfield code="a">Publicidad - Responsabilidad social</subfield>
</datafield>
<datafield tag="245" ind1="0" ind2="0">
<subfield code="a">Aportaciones del neuromárketing a la comunicación con fines sociales</subfield>
</datafield>
</record></metadata></record></GetRecord></OAI-PMH>